| 000 | 00723cam a22001934a 4500 | ||
|---|---|---|---|
| 005 | 20250605164207.0 | ||
| 008 | 250528s ||||||||||||||||||||||||d | ||
| 035 | _a20071 | ||
| 020 | _a3452194493 | ||
| 040 |
_aGR-AtMCL _bgre _dGR-AtMCL _eAACR2 |
||
| 245 | 1 | _aSchiedsgerichtsbarkeit in Frankreich / Schriftenreihe des Deutschen Instituts fur Schiedsgerichtswesen Band 3 | |
| 260 |
_bCarl Heymanns Verlag Kg, _c1983 |
||
| 300 | _a168 | ||
| 520 | _aAbkurzungen, Terminologie suggeree en matiere de procedure civile, Vorwort des Herausgebers, Die Reform der Internen Schiedsgerichtsbarkeit in Frankreich, Anhang. | ||
| 710 | 2 |
_aBeitragen von Mit _99777 |
|
| 942 | _cBK | ||
| 999 |
_c5219 _d5219 |
||